Представление документа в формате RUSMARC

ПолеНазваниеЗначение
  Тип записи a
  Библиографический уровень c
001 Контрольный номер RU/SLIB/B/208703515
005 Дата корректировки 20201206203841.5
010 Индекс ISBN __
d Цена 5-00
101 Язык документа __
a Язык текста rus
c Язык оригинала rus
200 Заглавие и сведения об ответственности 1_
a Заглавие Собрание сочинений
e Сведения, относящиеся к заглавию в 4 т.
f Первые сведения об ответственности А. П. Гайдар ; [предисл. Л. Кассиля]
b Общее обозначение материала Текст
h Номер части Т. 1
210 Выходные данные __
a Место издания М.
c Издательство Дет. лит.
d Дата издания 1971
215 Физическое описание __
a Объем 367 с.
300 Общие примечания __
a Общие примечания Коммент.: с. 360-366
327 Примечание о содержании __
a Примечание о содержании Автобиография
327 Примечание о содержании __
a Примечание о содержании Р.В.С
327 Примечание о содержании __
a Примечание о содержании Школа
327 Примечание о содержании __
a Примечание о содержании Четвертый блиндаж
600 Персоналии __
a Персоналии (Фамилия) Гайдар, А. П.
f Даты 1904-1941
g Полное имя Аркадий Петрович
606 Тематические рубрики __
a Основная рубрика Художественная литература
606 Тематические рубрики __
a Основная рубрика Русская литература XX в. (произведения)
610 Ключевые слова __
a Ключевые слова детская литература; повести; автобиографические повести; персоналии; тема войны; тема дружбы; тема подвигов
686 Индексы других классификаций __
2 Код системы rubbks
a Классификационный индекс 84(2Рос=Рус)6-4
700 Автор _1
a Фамилия Гайдар
b Имя А. П.
g Полное личное имя Аркадий Петрович
4 Код отношения 070
702 Вторичная интеллектуальная ответственность _1
a Фамилия Кассиль
b Имя Л.
4 Код отношения Автор предисловия
801 Источник записи _0
a Страна RU
b Организация Муниципальное бюджетное учреждение культуры "Централизованная библиотечная система" г. Сургут (Центральная городская библиотека им. А. С. Пушкина)
g Правила каталогизации ОБ/Смолякова
801 Источник записи _1
a Страна RU
b Организация Муниципальное бюджетное учреждение культуры "Централизованная библиотечная система" г. Сургут (Центральная городская библиотека им. А. С. Пушкина)
g Правила каталогизации ОБ/Смолякова
852 Данные о местонахождении __
j Шифр хранения 84(2Рос=Рус)6-4
c Каталожный индекс 84(2Рос=Рус)6-4
i Авторский знак Г14
p Инвентарный номер 66778
901 Тип документа __
t Тип документа x
903 Характеристики (МАРС) __
a Дата передачи 19980316
969 Тип издания __
a Тип издания сборник
990 Данные о заказе (DOS) 00
j Количество экземпляров (DOS) 1